000 00308nam a2200121Ia 4500
008 231228s1996 xx 000 0 und d
041 _aeng
082 _a362.2092
_bNAR
100 _aNARAYAN (R.K.)
245 _aTalkative Man
260 _aMumbai
_bSpenta Multimedia Pvt. Ltd. Mumbai
_c1996
300 _a123
999 _c1084578
_d1084578